Autentifikácia a určenie pravosti vybraných potravinárskych výrobkov bakalárska práca

Guardado en:
Detalles Bibliográficos
Autor principal: Jancsóová, Tímea
Formato: Libro
Lenguaje:eslovaco
Publicado: Bratislava STU FCHPT 2015
Acceso en línea:Ver en el OPAC
Etiquetas: Agregar Etiqueta
Sin Etiquetas, Sea el primero en etiquetar este registro!

MARC

LEADER 00000nam a2200000 a 4500
005 20260127134418.0
008 160906 2015 000 0 slo d
035 |a vtls011578038 
039 9 |y 201609061405  |z mschk03 
040 |a STUSCHK1  |b slo  |c STUSCHK1  |e AACR2 
100 1 |a Jancsóová, Tímea 
245 1 |a Autentifikácia a určenie pravosti vybraných potravinárskych výrobkov  |b bakalárska práca  |c Tímea Jancsóová 
260 |a Bratislava  |b STU FCHPT  |c 2015 
300 |a 41 s.  |b il.  |c 25 cm 
500 |a Študijný program: biotechnológia a potravinárska technológia 
500 |a Študijný odbor: biotechnológie 
500 |a Školiace pracovisko: Ústav potravinárstva a výživy 
500 |a Evid. číslo: FCHPT-13567-59799 
910 |a SCHK95 
999 |c 12173  |d 12173